000 01080cab a2200253 4500
001 ABS59252
008 090401t1998 xxu||||| |||| 00| 0 eng d
035 _a(Sirsi) u88816
041 _aeng
100 _aCornes, D.
245 _aHousing Grants, Construction and Regeneration Act 1996, Part II - The Latham legislation
260 _c1998
350 _a0
490 _aInternational Construction Law Review
_v15(3) July 1998, 329-370(41)
520 _aSummarises the effect of the new legislation relating to construction contracts and disputes. Looks at the Latham report and the Housing Grants, Construction and Regeneration Act 1996 Part II in detail.
650 _aMANAGEMENT-DISPUTE AVOIDANCE, MANAGEMENT AND RESOLUTION-DISPUTE MANAGEMENT AND RESOLUTION-ARBITRATION
650 _aBUILT ENVIRONMENT-BUILDING CONTRACT FORMS
650 _aCONSTRUCTION DISPUTES
650 _aHOUSING GRANTS CONSTRUCTION AND REGENERATION ACT 1996 PART 2
650 _aLATHAM REFORMS
690 _aBUILT ENVIRONMENT-BUILDING CONTRACT FORMS
942 _n0
948 _c05/10/1998
999 _c56161
_d56161